000 00639nam a2200229Ia 4500
003 OSt
005 20221007065330.0
006 a|||||r|||| 00| 0
007 ta
008 221006b |||||||| |||| 00| 0 eng d
024 _a10,597
037 _cTextual
040 _aFLL
_cFLL
_beng
041 _2eng
_aeng
082 _aL:5oaY, M1
100 _aGupta Giri Raj Au.
_9686859
245 0 _aSocial and cultural context of medicine in india
260 _aDelhi
_bVikas publishing house pvt. ltd. India
_c1981
300 _a356p
_ccm.
942 _hL:5oaY, M1
_cTEXL
_2CC
999 _c1137002
_d1137002